<?xml version="1.0" encoding="UTF-8"?>
<collection xmlns="http://www.loc.gov/MARC21/slim">
 <record>
  <leader>01663nab a2200229 i 4500</leader>
  <controlfield tag="001">acta36248</controlfield>
  <controlfield tag="005">20251007142719.0</controlfield>
  <controlfield tag="008">161017s2015    hu      o     000   hun d</controlfield>
  <datafield tag="022" ind1=" " ind2=" ">
   <subfield code="a">2416-223X</subfield>
  </datafield>
  <datafield tag="040" ind1=" " ind2=" ">
   <subfield code="a">SZTE Egyetemi Kiadványok Repozitórium</subfield>
   <subfield code="b">hun</subfield>
  </datafield>
  <datafield tag="041" ind1=" " ind2=" ">
   <subfield code="a">hun</subfield>
  </datafield>
  <datafield tag="041" ind1=" " ind2=" ">
   <subfield code="a">eng</subfield>
  </datafield>
  <datafield tag="100" ind1="1" ind2=" ">
   <subfield code="a">Kovács Attila</subfield>
  </datafield>
  <datafield tag="245" ind1="1" ind2="2">
   <subfield code="a">A II. világháború és az azt követő megtorlások áldozatai Szlovéniában és a Muravidéken</subfield>
   <subfield code="h">[elektronikus dokumentum] /</subfield>
   <subfield code="c"> Kovács Attila</subfield>
  </datafield>
  <datafield tag="260" ind1=" " ind2=" ">
   <subfield code="c">2015</subfield>
  </datafield>
  <datafield tag="300" ind1=" " ind2=" ">
   <subfield code="a">59-71</subfield>
  </datafield>
  <datafield tag="490" ind1="0" ind2=" ">
   <subfield code="a">Délvidéki szemle</subfield>
   <subfield code="v">2 No. 1</subfield>
  </datafield>
  <datafield tag="520" ind1="3" ind2=" ">
   <subfield code="a">The study presents the Slovenian victims of World War II and the subsequent retaliations, divided into two content units. The first chapter describes the data related to the entire current territory of Slovenia, according to the distribution of civilian and military casualties as well as cause of death status. The following second chapter introduces the atrocities suffered by the Hungarian population of Muravidék in 1945 and the affected Hungarian victims. It separately mentions the Hungarian civilians of Muravidék taken and murdered by the Red Army, the liquidations carried out by guerilla-fighters among the Hungarians of Muravidék, the Hungarians who were interned at the Filóc (Filovc) „reeducation center” as well as the Hrastovec and Sternthal (Strnišèe) prison camps and the victims of the internments.</subfield>
  </datafield>
  <datafield tag="650" ind1=" " ind2="4">
   <subfield code="a">Bölcsészettudományok</subfield>
  </datafield>
  <datafield tag="650" ind1=" " ind2="4">
   <subfield code="a">Történettudomány és régészet</subfield>
  </datafield>
  <datafield tag="695" ind1=" " ind2=" ">
   <subfield code="a">Politikai terror - Jugoszlávia - 1941-, Szlovénia, Muravidék</subfield>
  </datafield>
  <datafield tag="856" ind1="4" ind2="0">
   <subfield code="u">http://acta.bibl.u-szeged.hu/36248/1/delvideki_szemle_2015_001_059-071.pdf</subfield>
   <subfield code="z">Dokumentum-elérés </subfield>
  </datafield>
 </record>
</collection>
